[Event "Junior Online 4NCL Division 5"]
[Site "online"]
[Date "2021.03.04"]
[EventDate "2021.03.04"]
[Round "4.75"]
[White "Singh, Hari"]
[WhiteElo "1283"]
[WhiteTeam "KCJS 3"]
[Black "Taylor, Kai"]
[BlackElo "1300"]
[BlackTeam "Hull & York Knights"]
[Result "1-0"]
[PlyCount "25"]

1. d4 d5 2. Nf3 Nc6 3. e3 Bf5 4. c4 Nb4 5. Na3 dxc4 6. Qa4+ Nc6 7. Bxc4 e6 8. Bb5 Bb4+ 9. Qxb4 a6 10. Bxc6+ bxc6 11. Ne5 Nf6 12. Nxc6 Qc8 13. Qe7# 1-0

[Event "Junior Online 4NCL Division 5"]
[Site "online"]
[Date "2021.03.04"]
[EventDate "2021.03.04"]
[Round "4.77"]
[White "Gupta, Aarav G"]
[WhiteElo "1310"]
[WhiteTeam "KCJS 3"]
[Black "Meyers, Grace"]
[BlackElo "1023"]
[BlackTeam "Hull & York Knights"]
[Result "1-0"]
[PlyCount "81"]

1. e4 e5 2. Nf3 Nc6 3. Nc3 Nf6 4. Bb5 a6 5. Bxc6 dxc6 6. Nxe5 Qe7 7. d4 Qd8 8. Bg5 Bd6 9. Qf3 Be7 10. Rd1 O-O 11. Bxf6 Bxf6 12. O-O Qe7 13. Nc4 Rd8 14. e5 Bg5 15. Ne3 Be6 16. a3 Rd7 17. Ne4 Bxe3 18. fxe3 Rf8 19. Nc5 Rdd8 20. Rf2 Bd5 21. e4 Be6 22. c3 a5 23. Nxb7 Rb8 24. Nxa5 Ra8 25. Nxc6 Qe8 26. d5 Bd7 27. Nb4 Qe7 28. Qg3 Rae8 29. Nd3 c6 30. d6 Qe6 31. Re1 c5 32. Nxc5 Qxe5 33. Qxe5 Rxe5 34. Nxd7 Rfe8 35. Nxe5 Rxe5 36. d7 h6 37. d8=Q+ Kh7 38. Rxf7 Kg6 39. Qd6+ Kxf7 40. Qxe5 Kg6 41. Qf5# 1-0

[Event "Junior Online 4NCL Division 5"]
[Site "online"]
[Date "2021.03.04"]
[EventDate "2021.03.04"]
[Round "4.78"]
[White "Luckhurst, Isaac"]
[WhiteElo "1005"]
[WhiteTeam "Hull & York Knights"]
[Black "Ali, Shahyan"]
[BlackElo "1335"]
[BlackTeam "KCJS 3"]
[Result "0-1"]
[PlyCount "72"]

1. e4 e5 2. Nc3 Bc5 3. Nf3 Nc6 4. d4 exd4 5. Bc4 dxc3 6. bxc3 d6 7. O-O Be6 8. Bd3 Nf6 9. e5 dxe5 10. Nxe5 Nxe5 11. Be2 Bg4 12. h4 Qxd1 13. Bxd1 Bxd1 14. Rxd1 O-O 15. g4 Nexg4 16. Bg5 Ne4 17. Kf1 Nxg5 18. Ke2 Ne6 19. Rg1 Nxf2 20. Rg2 Nh3 21. Kf3 Nhf4 22. Rh2 Nd5 23. Rg1 Bxg1 24. Rg2 Bb6 25. Kg4 Ne3+ 26. Kh5 Nxg2 27. Kg4 Rfd8 28. Kf5 Rd2 29. c4 Nxh4+ 30. Ke5 Nf3+ 31. Ke4 Nfg5+ 32. Ke5 Re2+ 33. Kd5 c6+ 34. Kd6 Rd8+ 35. Ke7 Red2 36. c3 R2d7# 0-1

[Event "Junior Online 4NCL Division 5"]
[Site "online"]
[Date "2021.03.04"]
[EventDate "2021.03.04"]
[Round "4.81"]
[White "Wieleba, Hugo"]
[WhiteElo "1384"]
[WhiteTeam "Wanstead Warriors 2"]
[Black "Papneja, Vedant"]
[BlackElo "1410"]
[BlackTeam "Chess Challengers C"]
[Result "0-1"]
[PlyCount "58"]

1. c4 e6 2. d4 d5 3. e3 Nf6 4. Nc3 b6 5. Nf3 Bb7 6. g3 Be7 7. Bg2 O-O 8. O-O dxc4 9. e4 Nxe4 10. Nxe4 Bxe4 11. Re1 Bb7 12. Be3 Nd7 13. Nd2 Bxg2 14. Kxg2 b5 15. b3 c3 16. Nf3 Nf6 17. a3 Qd7 18. b4 a5 19. Qd3 axb4 20. axb4 Bxb4 21. Rxa8 Rxa8 22. Rb1 c5 23. Ne5 Qd6 24. Kf3 Rd8 25. Rxb4 cxb4 26. Kg2 Qxe5 27. dxe5 Rxd3 28. exf6 gxf6 29. Bc5 c2 0-1

[Event "Junior Online 4NCL Division 5"]
[Site "online"]
[Date "2021.03.04"]
[EventDate "2021.03.04"]
[Round "4.82"]
[White "Sethi, Siddharth"]
[WhiteElo "1416"]
[WhiteTeam "Chess Challengers C"]
[Black "Ta, Duc"]
[BlackElo "1351"]
[BlackTeam "Wanstead Warriors 2"]
[Result "1-0"]
[PlyCount "67"]

1. e4 e6 2. d4 d5 3. exd5 exd5 4. Bd3 Nc6 5. Nf3 Nf6 6. Bf4 Bg4 7. O-O Be7 8. h3 Bh5 9. Qd2 Qd7 10. Ne5 Nxe5 11. dxe5 Ng8 12. Nc3 O-O-O 13. f3 Bg6 14. Bb5 c6 15. Ba4 Bc5+ 16. Kh2 d4 17. Ne4 Bb6 18. Bg5 Rf8 19. Qb4 Qe8 20. Nd6+ Kb8 21. Nxe8 Rxe8 22. c4 d3 23. Qc3 h6 24. Bd2 Ne7 25. f4 Nf5 26. Qxd3 Rd8 27. Qc3 Bd4 28. Qb3 Nh4 29. Bxc6 b6 30. Qb5 Bc5 31. Qa6 Rd7 32. Bxd7 Rd8 33. Bc6 Be4 34. Qb7# 1-0

[Event "Junior Online 4NCL Division 5"]
[Site "online"]
[Date "2021.03.04"]
[EventDate "2021.03.04"]
[Round "4.83"]
[White "Mukherjee, Aradhya"]
[WhiteElo "1337"]
[WhiteTeam "Wanstead Warriors 2"]
[Black "Zabotka, Motiejus"]
[BlackElo "1488"]
[BlackTeam "Chess Challengers C"]
[Result "1-0"]
[PlyCount "103"]

1. d4 Nf6 2. c4 c5 3. e3 b6 4. dxc5 bxc5 5. g3 Qb6 6. Bg2 Bb7 7. Bxb7 Qxb7 8. Qf3 Nc6 9. Ne2 Qb4+ 10. Nbc3 Qxc4 11. Bd2 Qg4 12. Qg2 e6 13. Nb5 Nd5 14. O-O Rb8 15. Nec3 Nxc3 16. Nxc3 Rxb2 17. Bc1 Rc2 18. Nb5 Bd6 19. Nxd6+ Ke7 20. Qe4 Qe2 21. Nf5+ Kf8 22. Qf4 exf5 23. Qxf5 Nb8 24. Qe5 Nc6 25. Qd6+ Ke8 26. Ba3 Qc4 27. Rfd1 Qe6 28. Qd3 Rc4 29. Bb2 f6 30. Rac1 Rxc1 31. Rxc1 Ne5 32. Qb5 c4 33. Qb8+ Kf7 34. Qxh8 Nd3 35. Rb1 Nxb2 36. Rxb2 c3 37. Rc2 Qe5 38. Qxh7 a5 39. Qd3 d5 40. Qxc3 a4 41. Qxe5 fxe5 42. Rc5 d4 43. exd4 exd4 44. Rd5 a3 45. Rxd4 g5 46. Ra4 g4 47. Rxa3 Ke6 48. Rb3 Kf5 49. a4 Ke4 50. a5 Kf5 51. a6 Kg5 52. a7 1-0

[Event "Junior Online 4NCL Division 5"]
[Site "online"]
[Date "2021.03.04"]
[EventDate "2021.03.04"]
[Round "4.84"]
[White "Sridharan, Rithvik"]
[WhiteElo "1475"]
[WhiteTeam "Chess Challengers C"]
[Black "Wong, Joseph"]
[BlackElo "1299"]
[BlackTeam "Wanstead Warriors 2"]
[Result "1-0"]
[PlyCount "157"]

1. e4 d5 2. f3 dxe4 3. fxe4 Nf6 4. Nc3 Bg4 5. Be2 Bxe2 6. Qxe2 e6 7. a3 Nc6 8. Qd1 Bd6 9. Nf3 Ne5 10. d4 Nxf3+ 11. gxf3 Be7 12. Bf4 O-O 13. e5 Nd5 14. Nxd5 Qxd5 15. Qd3 Qa5+ 16. Bd2 Qd5 17. O-O-O Qa2 18. c3 Qa1+ 19. Kc2 Qa2 20. Ra1 Qd5 21. c4 Qd7 22. Rhg1 Rad8 23. Bc3 c5 24. Rad1 cxd4 25. Bxd4 Qa4+ 26. Qb3 Qc6 27. Bxa7 Rxd1 28. Rxd1 Ra8 29. Be3 Qxf3 30. Rg1 Qe2+ 31. Bd2 Rd8 32. Rd1 Bg5 33. Qb4 Qxh2 34. Kc1 h6 35. Bxg5 Rxd1+ 36. Kxd1 Qg1+ 37. Kc2 Qxg5 38. Qxb7 Qxe5 39. a4 Qf5+ 40. Kd2 Qf4+ 41. Ke2 Qxc4+ 42. Kd2 Qxa4 43. b4 Kh7 44. b5 f6 45. b6 Qa5+ 46. Kc2 Qf5+ 47. Kd2 Qf2+ 48. Kd3 Qf1+ 49. Kc3 Qc1+ 50. Kd3 Qb1+ 51. Kd4 Qd1+ 52. Kc3 Qa1+ 53. Kd3 Qa3+ 54. Kc4 Qc1+ 55. Kd3 Qf1+ 56. Kc3 Qh3+ 57. Kd2 Qh2+ 58. Kc3 Qe5+ 59. Kd2 Qb2+ 60. Kd3 Qb1+ 61. Kc4 Qc1+ 62. Kd3 Qf1+ 63. Kc3 f5 64. Qc7 Qc1+ 65. Kd4 Qf4+ 66. Qxf4 Kg6 67. b7 Kf6 68. b8=Q e5+ 69. Qfxe5+ Kg5 70. Qd8+ Kg4 71. Qe2+ Kg3 72. Qd6+ f4 73. Ke4 g5 74. Qf3+ Kh4 75. Kf5 h5 76. Qh1+ Kg3 77. Qd3+ f3 78. Qhxf3+ Kh4 79. Qh3# 1-0

[Event "Junior Online 4NCL Division 5"]
[Site "online"]
[Date "2021.03.04"]
[EventDate "2021.03.04"]
[Round "4.85"]
[White "Papneja, Vedant"]
[WhiteElo "1410"]
[WhiteTeam "Chess Challengers C"]
[Black "Wieleba, Hugo"]
[BlackElo "1384"]
[BlackTeam "Wanstead Warriors 2"]
[Result "1-0"]
[PlyCount "31"]

1. d4 d5 2. Bf4 e6 3. e3 Nc6 4. Nf3 Bd6 5. Bg3 Bxg3 6. hxg3 Nf6 7. c3 O-O 8. Qc2 h6 9. Bd3 Re8 10. Nbd2 e5 11. dxe5 Nxe5 12. Nxe5 Rxe5 13. Nf3 Re7 14. O-O-O Ne4 15. Bxe4 dxe4 16. Rxd8+ 1-0

[Event "Junior Online 4NCL Division 5"]
[Site "online"]
[Date "2021.03.04"]
[EventDate "2021.03.04"]
[Round "4.86"]
[White "Ta, Duc"]
[WhiteElo "1351"]
[WhiteTeam "Wanstead Warriors 2"]
[Black "Sethi, Siddharth"]
[BlackElo "1416"]
[BlackTeam "Chess Challengers C"]
[Result "1-0"]
[PlyCount "37"]

1. d4 Nf6 2. Bf4 c5 3. e3 Nc6 4. c3 a6 5. Nf3 Qb6 6. b3 e6 7. Nbd2 cxd4 8. exd4 Be7 9. Bd3 O-O 10. O-O d5 11. Re1 Nd8 12. Ne5 Bd6 13. Re3 Ng4 14. Qxg4 Nc6 15. Rg3 g6 16. Qg5 Be7 17. Qh6 Bf6 18. Rh3 Rd8 19. Qxh7+ 1-0

[Event "Junior Online 4NCL Division 5"]
[Site "online"]
[Date "2021.03.04"]
[EventDate "2021.03.04"]
[Round "4.88"]
[White "Wong, Joseph"]
[WhiteElo "1299"]
[WhiteTeam "Wanstead Warriors 2"]
[Black "Sridharan, Rithvik"]
[BlackElo "1475"]
[BlackTeam "Chess Challengers C"]
[Result "1-0"]
[PlyCount "91"]

1. e4 e5 2. Nf3 Nc6 3. d4 exd4 4. Nxd4 Bc5 5. Be3 Bb4+ 6. c3 Bc5 7. Nxc6 bxc6 8. Bxc5 d6 9. Bd4 c5 10. Bxg7 Nf6 11. Bxh8 Bg4 12. Bxf6 Qd7 13. Qd5 Be6 14. Qxa8+ Qc8 15. Qc6+ Bd7 16. Ba6 Qb8 17. Qb7 Qxb7 18. Bxb7 Kf8 19. Nd2 h5 20. h3 Be6 21. O-O Kg8 22. Bd5 Bd7 23. Rae1 Kh7 24. e5 dxe5 25. Bxe5 Kg6 26. Bxc7 Bb5 27. c4 Bd7 28. Be4+ Kf6 29. Bd5 Be6 30. Bxe6 fxe6 31. Be5+ Kf5 32. f3 Kg6 33. g4 hxg4 34. hxg4 Kg5 35. Kg2 Kg6 36. Kg3 Kf7 37. f4 Ke7 38. f5 exf5 39. Bc7+ Kd7 40. Ba5 Kc6 41. gxf5 Kd6 42. f6 Kc6 43. f7 a6 44. f8=Q Kd7 45. Qe8+ Kd6 46. Qe6# 1-0

[Event "Junior Online 4NCL Division 5"]
[Site "online"]
[Date "2021.03.04"]
[EventDate "2021.03.04"]
[Round "4.91"]
[White "Pyla, Akhil"]
[WhiteElo "1426"]
[WhiteTeam "Chess Challengers E"]
[Black "Clayton, Daniel J"]
[BlackElo "1578"]
[BlackTeam "SASCA Sharks"]
[Result "0-1"]
[PlyCount "70"]

1. e4 c5 2. Nf3 d6 3. Nc3 Nc6 4. Bc4 Bg4 5. h3 Bxf3 6. Qxf3 Nf6 7. Bb5 e6 8. Bxc6+ bxc6 9. Ne2 Be7 10. c3 d5 11. d3 O-O 12. O-O Qb6 13. b3 Rfd8 14. e5 Nd7 15. Qg3 Qc7 16. Bh6 Qxe5 17. Qxe5 Nxe5 18. d4 Nf3+ 19. gxf3 gxh6 20. Rfd1 f6 21. Nf4 Kf7 22. Rab1 e5 23. dxe5 fxe5 24. Ne2 Rg8+ 25. Kf1 Rg6 26. f4 Bd6 27. fxe5 Bxe5 28. c4 d4 29. a3 a5 30. a4 Rf8 31. Rd2 Rfg8 32. f3 Bf4 33. Rdd1 Be3 34. Re1 Rg2 35. Rb2 Rf2# 0-1

[Event "Junior Online 4NCL Division 5"]
[Site "online"]
[Date "2021.03.04"]
[EventDate "2021.03.04"]
[Round "4.92"]
[White "Atkinson, Matthew"]
[WhiteElo "1255"]
[WhiteTeam "SASCA Sharks"]
[Black "Mohanraj, Vibu Karthik"]
[BlackElo "1420"]
[BlackTeam "Chess Challengers E"]
[Result "1-0"]
[PlyCount "35"]

1. e4 e5 2. Nf3 Nc6 3. Bc4 h6 4. d4 exd4 5. Nxd4 Nf6 6. Nxc6 bxc6 7. Nc3 Be7 8. Be3 O-O 9. Qd2 Re8 10. Bxh6 gxh6 11. Qxh6 Ng4 12. Qf4 Nf6 13. e5 d5 14. O-O-O dxc4 15. Rxd8 Rxd8 16. exf6 Bd6 17. Qg5+ Kh8 18. Qg7# 1-0

[Event "Junior Online 4NCL Division 5"]
[Site "online"]
[Date "2021.03.04"]
[EventDate "2021.03.04"]
[Round "4.93"]
[White "Madan, Shivank"]
[WhiteElo "1450"]
[WhiteTeam "Chess Challengers E"]
[Black "Harper, Luke"]
[BlackElo "1166"]
[BlackTeam "SASCA Sharks"]
[Result "0-1"]
[PlyCount "74"]

1. e4 e5 2. Nf3 f5 3. exf5 d6 4. Bc4 Bxf5 5. d3 h6 6. h3 Nc6 7. O-O Qd7 8. c3 O-O-O 9. d4 Be6 10. d5 Bxh3 11. dxc6 Qxc6 12. gxh3 d5 13. Bb3 e4 14. Nd4 Qd7 15. Ba4 Qxh3 16. Bb5 Bd6 17. f4 Nf6 18. Be2 g5 19. Nb5 Bc5+ 20. Nd4 Rhg8 21. fxg5 Bd6 22. Bf4 Rxg5+ 23. Kf2 Bxf4 24. Ke1 Qg3+ 25. Rf2 Be3 26. Qa4 Qxf2+ 27. Kd1 Rg1+ 28. Kc2 Bxd4 29. Qxd4 Qxe2+ 30. Qd2 Qxd2+ 31. Kxd2 Re8 32. Ke2 e3 33. Kf3 e2 34. Kf2 e1=Q+ 35. Kf3 Rf1+ 36. Kg2 Rg8+ 37. Kh2 Qg3# 0-1

[Event "Junior Online 4NCL Division 5"]
[Site "online"]
[Date "2021.03.04"]
[EventDate "2021.03.04"]
[Round "4.94"]
[White "Dewis, Oliver"]
[WhiteElo "903"]
[WhiteTeam "SASCA Sharks"]
[Black "Pang, Isobel"]
[BlackElo "1420"]
[BlackTeam "Chess Challengers E"]
[Result "0-1"]
[PlyCount "104"]

1. d4 b6 2. c4 Bb7 3. Nd2 d5 4. e3 Nf6 5. Be2 e6 6. Ngf3 Bd6 7. O-O O-O 8. Ne5 c5 9. Nb3 Nbd7 10. Nxd7 Qxd7 11. Bd3 dxc4 12. Bxc4 Qc7 13. g3 Qc6 14. d5 exd5 15. Be2 d4 16. f3 Ng4 17. h3 Nxe3 18. Bxe3 dxe3 19. Qd3 Bxg3 20. Qxe3 Rfe8 21. Qd3 Rad8 22. Qc3 Rxe2 23. Rad1 Bf2+ 24. Kh1 Qxf3+ 25. Qxf3 Bxf3+ 26. Kh2 Bh4+ 27. Kg1 Rg2+ 28. Kh1 Rg6+ 29. Kh2 Bg3+ 30. Kg1 Bf4+ 31. Kf2 Bxd1 32. Re1 Bxb3 33. axb3 a5 34. Kf3 Bd6 35. Ke4 Re6+ 36. Kd5 Rxe1 37. Kc6 Be5 38. Kxb6 Bxb2 39. Kc7 Rde8 40. Kd7 R1e7+ 41. Kd6 Be5+ 42. Kxc5 Rb7 43. Kc6 Rxb3 44. h4 a4 45. Kc5 a3 46. Kc4 Rbb8 47. Kd3 a2 48. Kc2 a1=Q 49. Kd3 Rb4 50. Ke3 Qa3+ 51. Kd2 Rb2+ 52. Kc1 Qa1# 0-1

[Event "Junior Online 4NCL Division 5"]
[Site "online"]
[Date "2021.03.04"]
[EventDate "2021.03.04"]
[Round "4.95"]
[White "Clayton, Daniel J"]
[WhiteElo "1578"]
[WhiteTeam "SASCA Sharks"]
[Black "Pyla, Akhil"]
[BlackElo "1426"]
[BlackTeam "Chess Challengers E"]
[Result "1-0"]
[PlyCount "53"]

1. e4 g6 2. d4 Bg7 3. c4 d6 4. Nf3 e6 5. Nc3 c6 6. Bd3 Bxd4 7. Nxd4 Qf6 8. Be3 c5 9. Ndb5 Qe7 10. Bc2 Nf6 11. Nxd6+ Kf8 12. Nxc8 Nc6 13. Nxe7 Nxe7 14. Bxc5 b6 15. Ba3 Kg7 16. Bxe7 Rhe8 17. Bxf6+ Kxf6 18. e5+ Kxe5 19. Qf3 Kd6 20. O-O-O+ Ke7 21. Nd5+ exd5 22. Rhe1+ Kf8 23. Rxe8+ Rxe8 24. Rxd5 Re1+ 25. Kd2 Ra1 26. Rd7 f5 27. Qd5 1-0

[Event "Junior Online 4NCL Division 5"]
[Site "online"]
[Date "2021.03.04"]
[EventDate "2021.03.04"]
[Round "4.96"]
[White "Mohanraj, Vibu Karthik"]
[WhiteElo "1420"]
[WhiteTeam "Chess Challengers E"]
[Black "Atkinson, Matthew"]
[BlackElo "1255"]
[BlackTeam "SASCA Sharks"]
[Result "1-0"]
[PlyCount "61"]

1. e4 e5 2. Nf3 Nc6 3. Bc4 Bc5 4. O-O Nf6 5. Ng5 O-O 6. Nxf7 d5 7. Nxd8 Rxd8 8. exd5 Nxd5 9. Bxd5+ Rxd5 10. Nc3 Rd6 11. Ne4 Rg6 12. Nxc5 Bh3 13. g3 Bxf1 14. Qxf1 Rf8 15. Qc4+ Rf7 16. b3 Nd4 17. Nd7 Re6 18. c3 Nf3+ 19. Kf1 Rd6 20. Nc5 Nxh2+ 21. Kg1 Nf3+ 22. Kf1 Nh2+ 23. Kg2 Nf3 24. Nxb7 Nxd2 25. Bxd2 Rxd2 26. Re1 Rxf2+ 27. Kg1 Rxa2 28. Rxe5 Ra1+ 29. Kg2 Ra2+ 30. Kh3 Rf2 31. Re8# 1-0

[Event "Junior Online 4NCL Division 5"]
[Site "online"]
[Date "2021.03.04"]
[EventDate "2021.03.04"]
[Round "4.97"]
[White "Harper, Luke"]
[WhiteElo "1166"]
[WhiteTeam "SASCA Sharks"]
[Black "Madan, Shivank"]
[BlackElo "1450"]
[BlackTeam "Chess Challengers E"]
[Result "1-0"]
[PlyCount "69"]

1. e4 d5 2. exd5 Qxd5 3. Nc3 Qd8 4. Bc4 h6 5. Nf3 Nf6 6. d4 Nc6 7. O-O Na5 8. b3 Bd7 9. Re1 Bf5 10. Bd3 Be6 11. Be4 Nxe4 12. Nxe4 Qd5 13. c4 Qh5 14. Ng3 Qg6 15. Nh4 Qh7 16. b4 Nxc4 17. d5 Bd7 18. Qd4 Bb5 19. a4 Bd7 20. Qxc4 e6 21. dxe6 Bxe6 22. Qxc7 Bxb4 23. Re4 O-O 24. Rxb4 Qd3 25. Be3 Rfc8 26. Qe5 Rd8 27. h3 Re8 28. Nh5 f6 29. Qg3 g5 30. Nxf6+ Kh8 31. Nxe8 Rxe8 32. Bd4+ Kh7 33. Qxd3+ Kg8 34. Qg6+ Kf8 35. Qg7# 1-0

[Event "Junior Online 4NCL Division 5"]
[Site "online"]
[Date "2021.03.04"]
[EventDate "2021.03.04"]
[Round "4.98"]
[White "Pang, Isobel"]
[WhiteElo "1420"]
[WhiteTeam "Chess Challengers E"]
[Black "Dewis, Oliver"]
[BlackElo "903"]
[BlackTeam "SASCA Sharks"]
[Result "1/2-1/2"]
[PlyCount "116"]

1. e4 g6 2. d4 Bg7 3. Nf3 e6 4. e5 Ne7 5. Nc3 O-O 6. Ng5 Nd5 7. Nxd5 exd5 8. Qg4 d6 9. Qh4 h6 10. Bf4 dxe5 11. dxe5 hxg5 12. Bxg5 Qe8 13. Bf6 Bxf6 14. Qxf6 Nc6 15. f4 Qe6 16. Qg5 Qf5 17. O-O-O Qxg5 18. fxg5 Bg4 19. Rxd5 Rad8 20. Bc4 Rxd5 21. Bxd5 Rd8 22. Bf3 Bxf3 23. gxf3 Nxe5 24. Rf1 f5 25. gxf6 Kf7 26. f4 Ng4 27. h3 Ne3 28. Rg1 Kxf6 29. h4 Kf5 30. Rg5+ Kxf4 31. Rg1 g5 32. hxg5 Kf3 33. b4 Kf2 34. Rh1 Kg2 35. Re1 Kf2 36. Rh1 Rg8 37. Rh5 Nf5 38. Rh2+ Kg3 39. Rh7 Rg7 40. Rh5 Kg4 41. Rh8 Kxg5 42. Ra8 a6 43. Ra7 Nd6 44. a4 Rg8 45. b5 axb5 46. axb5 Nxb5 47. Rxb7 Nd6 48. Rxc7 Rc8 49. Rxc8 Nxc8 50. c4 Kf5 51. Kc2 Ke5 52. Kc3 Kd6 53. Kb4 Kc6 54. c5 Ne7 55. Kc4 Nf5 56. Kb4 Nd4 57. Kc4 Ne6 58. Kb4 Nxc5 1/2-1/2

[Event "Junior Online 4NCL Division 5"]
[Site "online"]
[Date "2021.03.04"]
[EventDate "2021.03.04"]
[Round "4.101"]
[White "Tengayev, Arman"]
[WhiteElo "1405"]
[WhiteTeam "Desert Penguins Jupiter"]
[Black "Patel, Aashna"]
[BlackElo "1460"]
[BlackTeam "Chess Challengers D"]
[Result "1-0"]
[PlyCount "69"]

1. d4 d5 2. c4 e6 3. Nc3 Nf6 4. Bf4 Bb4 5. Nf3 O-O 6. e3 Nc6 7. cxd5 Nxd5 8. Qc2 Bxc3+ 9. bxc3 Nxf4 10. exf4 Re8 11. Bd3 Qf6 12. Bxh7+ Kf8 13. Qd2 g6 14. Ng5 Qg7 15. O-O f6 16. Bxg6 Qxg6 17. Nf3 e5 18. fxe5 Bh3 19. Nh4 Qg4 20. Qh6+ Kf7 21. Qxf6+ Kg8 22. f3 Qxh4 23. Qxh4 Be6 24. Qg5+ Kf7 25. Qf6+ Kg8 26. Qg5+ Kf7 27. Qf6+ Kg8 28. Qg6+ Kh8 29. Qh6+ Kg8 30. Rfe1 Bd5 31. Rac1 Bxa2 32. c4 Nxd4 33. Re4 Nb3 34. Rg4+ Kf7 35. Qf6# 1-0

[Event "Junior Online 4NCL Division 5"]
[Site "online"]
[Date "2021.03.04"]
[EventDate "2021.03.04"]
[Round "4.102"]
[White "Jha, Aarush"]
[WhiteElo "1472"]
[WhiteTeam "Chess Challengers D"]
[Black "Quillaud, Maxime"]
[BlackElo "1308"]
[BlackTeam "Desert Penguins Jupiter"]
[Result "0-1"]
[PlyCount "108"]

1. e4 c5 2. Nf3 d6 3. d4 cxd4 4. Nxd4 Nf6 5. Nc3 a6 6. f4 e6 7. e5 dxe5 8. fxe5 Nd5 9. Nxd5 Qxd5 10. Bf4 Bc5 11. c3 O-O 12. b4 Be7 13. Be2 Qxg2 14. Bf3 Bh4+ 15. Bg3 Bxg3+ 16. hxg3 Qxg3+ 17. Kd2 Rd8 18. Kc2 Qxe5 19. Rg1 Kh8 20. Qd3 Nc6 21. Rae1 Nxd4+ 22. cxd4 Qxd4 23. Rd1 Qf2+ 24. Qe2 Qxe2+ 25. Bxe2 Bd7 26. Bf3 Bc6 27. Bxc6 bxc6 28. Rxd8+ Rxd8 29. a4 Rd4 30. Kc3 e5 31. b5 cxb5 32. axb5 axb5 33. Re1 f6 34. Ra1 Kg8 35. Ra7 h5 36. Rb7 b4+ 37. Rxb4 Rxb4 38. Kxb4 h4 39. Kc5 h3 40. Kd6 h2 41. Ke6 h1=Q 42. Kf5 Qh3+ 43. Ke4 Kf7 44. Kd5 Qg4 45. Kd6 e4 46. Kd5 e3 47. Kd6 e2 48. Kd5 e1=Q 49. Kd6 Qed1+ 50. Kc5 Qgg1+ 51. Kc6 Qf2 52. Kb5 Qfc2 53. Kb4 Qdb1+ 54. Ka3 Qca2# 0-1

[Event "Junior Online 4NCL Division 5"]
[Site "online"]
[Date "2021.03.04"]
[EventDate "2021.03.04"]
[Round "4.103"]
[White "Dane, James"]
[WhiteElo "1232"]
[WhiteTeam "Desert Penguins Jupiter"]
[Black "Tolani, Kabir"]
[BlackElo "1455"]
[BlackTeam "Chess Challengers D"]
[Result "1-0"]
[PlyCount "149"]

1. d4 d5 2. c4 dxc4 3. e3 Bf5 4. Bxc4 Nf6 5. Nc3 Nc6 6. Nf3 e6 7. O-O Bb4 8. a3 Bxc3 9. bxc3 O-O 10. Bd2 Bg4 11. Be2 Ne4 12. Be1 h6 13. Qc2 Ng5 14. Nxg5 Bxe2 15. Qxe2 Qxg5 16. Rb1 b6 17. c4 e5 18. Qd1 Rfd8 19. d5 h5 20. Qa4 Qg6 21. Bc3 Ne7 22. Bxe5 Nf5 23. Bxc7 Nh4 24. Bg3 Nf5 25. Bf4 Nh4 26. Bg3 Nf5 27. Rbc1 Nxg3 28. hxg3 Rab8 29. Qxa7 Ra8 30. Qe7 Rxa3 31. Qxa3 Rf8 32. Rfd1 Re8 33. d6 Rd8 34. d7 Qc6 35. Qd3 Kf8 36. Qd6+ Qxd6 37. Rxd6 Ke7 38. Rcd1 Kf8 39. Kh2 Ke7 40. Kh3 g5 41. g4 h4 42. Kh2 f6 43. Kg1 Kf7 44. Kf1 Kg6 45. Re6 Kf7 46. Re8 Rxe8 47. dxe8=Q+ Kxe8 48. Rd6 Ke7 49. Rxb6 Kf7 50. c5 Ke7 51. c6 Kd8 52. Rb7 Kc8 53. Rh7 Kb8 54. c7+ Kc8 55. Re7 h3 56. gxh3 f5 57. Rf7 f4 58. Re7 f3 59. Rg7 Kb7 60. Ke1 Kc8 61. Kd2 Kb7 62. Kd3 Kc8 63. Kd4 Kb7 64. Kc5 Kc8 65. Kd6 Kb7 66. Kd7 Kb6 67. c8=Q Kb5 68. Qb8+ Kc5 69. Rxg5+ Kc4 70. Qb5+ Kc3 71. Rc5+ Kd2 72. Qb2+ Kd3 73. Rc3+ Ke4 74. Qb4+ Kd5 75. Rc5# 1-0

[Event "Junior Online 4NCL Division 5"]
[Site "online"]
[Date "2021.03.04"]
[EventDate "2021.03.04"]
[Round "4.104"]
[White "Devalia, Aadishesh"]
[WhiteElo "1452"]
[WhiteTeam "Chess Challengers D"]
[Black "Cleanis, Theo"]
[BlackElo "1225"]
[BlackTeam "Desert Penguins Jupiter"]
[Result "1-0"]
[PlyCount "161"]

1. d4 d5 2. c4 dxc4 3. e4 Be6 4. Nc3 Bd7 5. Bxc4 Nc6 6. Nf3 Nf6 7. Bf4 e6 8. O-O Be7 9. Re1 O-O 10. Qe2 a6 11. Rad1 Qe8 12. e5 Ng4 13. h3 Nh6 14. Bxh6 gxh6 15. Qe3 Kg7 16. Qf4 f6 17. Qg3+ Kf7 18. exf6 Bxf6 19. d5 Nb4 20. dxe6+ Bxe6 21. Qxc7+ Qe7 22. Bxe6+ Ke8 23. Bb3 Rf7 24. Bxf7+ Kxf7 25. Rxe7+ Bxe7 26. Qc4+ Kg7 27. Qg4+ Kf7 28. Ne5+ Kf6 29. Qf4+ Ke6 30. Qc4+ Kxe5 31. Re1+ Kf6 32. Rxe7 Kxe7 33. Qxb4+ Kf6 34. Qxb7 Re8 35. Qc6+ Kf7 36. Qxe8+ Kxe8 37. Kf1 Kd7 38. Ke2 Ke6 39. f3 Kf5 40. g4+ Kf4 41. Kf2 Kg5 42. Kg3 h5 43. gxh5 Kxh5 44. Ne4 Kg6 45. Kg4 h5+ 46. Kh4 a5 47. a4 Kh6 48. Nf6 Kg6 49. Nxh5 Kf5 50. f4 Ke4 51. Kg5 Kd3 52. f5 Kc2 53. f6 Kxb2 54. f7 Kb3 55. f8=Q Kxa4 56. Qf3 Kb5 57. Qf5+ Kb4 58. Qxa5+ Kxa5 59. Kf5 Kb4 60. Nf4 Kc4 61. h4 Kc5 62. h5 Kd6 63. Kg6 Ke7 64. Kg7 Ke8 65. h6 Ke7 66. h7 Kd6 67. Ne6 Kxe6 68. h8=Q Ke5 69. Kf7+ Kd5 70. Qh4 Kc5 71. Qe4 Kd6 72. Qf5 Kc7 73. Qd5 Kb6 74. Qc4 Kb7 75. Qc5 Kb8 76. Qc6 Ka7 77. Qb5 Ka8 78. Ke7 Ka7 79. Kd7 Ka8 80. Kc7 Ka7 81. Qb7# 1-0

[Event "Junior Online 4NCL Division 5"]
[Site "online"]
[Date "2021.03.04"]
[EventDate "2021.03.04"]
[Round "4.105"]
[White "Patel, Aashna"]
[WhiteElo "1460"]
[WhiteTeam "Chess Challengers D"]
[Black "Tengayev, Arman"]
[BlackElo "1405"]
[BlackTeam "Desert Penguins Jupiter"]
[Result "0-1"]
[PlyCount "60"]

1. e4 c5 2. c3 d5 3. exd5 Qxd5 4. d4 Nc6 5. Nf3 Nf6 6. Be3 Bg4 7. Be2 e6 8. h3 Bh5 9. Nbd2 Be7 10. Bc4 Bxf3 11. gxf3 Qf5 12. Nb3 cxd4 13. Bxd4 Nxd4 14. Qxd4 O-O 15. Bd3 Qxf3 16. Kd2 Rfd8 17. Qc4 Rac8 18. Qb5 a6 19. Qg5 Ne4+ 20. Kc2 Bxg5 21. Rad1 Qxf2+ 22. Kb1 Qf3 23. Bc2 Rxd1+ 24. Bxd1 Qxh1 25. a3 Qxd1+ 26. Ka2 Nxc3+ 27. bxc3 Qc2+ 28. Ka1 Qxb3 29. a4 Rxc3 30. h4 Rc1# 0-1

[Event "Junior Online 4NCL Division 5"]
[Site "online"]
[Date "2021.03.04"]
[EventDate "2021.03.04"]
[Round "4.106"]
[White "Quillaud, Maxime"]
[WhiteElo "1308"]
[WhiteTeam "Desert Penguins Jupiter"]
[Black "Jha, Aarush"]
[BlackElo "1472"]
[BlackTeam "Chess Challengers D"]
[Result "1-0"]
[PlyCount "81"]

1. d4 e5 2. dxe5 Bc5 3. Be3 Bxe3 4. fxe3 Nc6 5. Nf3 f6 6. exf6 Nxf6 7. Nc3 d6 8. e4 Bg4 9. e3 Bxf3 10. Qxf3 O-O 11. Qg3 Qe8 12. Bd3 Rd8 13. O-O d5 14. exd5 Nxd5 15. Nxd5 Rxf1+ 16. Bxf1 Rxd5 17. Bc4 Qe4 18. Bxd5+ Qxd5 19. Qxc7 Na5 20. Rf1 h6 21. Qc8+ Kh7 22. Qf5+ Qxf5 23. Rxf5 Nc4 24. Rb5 b6 25. e4 g5 26. b3 Nd6 27. Re5 Kg6 28. Re6+ Kh5 29. Rxd6 g4 30. g3 Kg5 31. Kf2 h5 32. Ke3 h4 33. Kd4 hxg3 34. hxg3 b5 35. Kc5 Kh5 36. Kc6 Kg5 37. Kd7 Kh5 38. Ke7 Kg5 39. Kf7 Kh5 40. Kg7 Kg5 41. Rd5# 1-0